[Event "d12b"]
[Site "?"]
[Date "2020.08.30"]
[Round "3.4"]
[White "Ziobrowska, Maja"]
[Black "Seemann, Pola"]
[Result "1-0"]
[BlackElo "1165"]
[WhiteElo "1266"]
[LiveChessVersion "1.4.8"]

1. e4 {[%clk 0:03:03]} e5 {[%clk 0:03:04]} 2. Nf3 {[%clk 0:03:04]} Nc6
{[%clk 0:03:05]} 3. Bc4 {[%clk 0:03:05]} Nf6 {[%clk 0:03:06]} 4. d3
{[%clk 0:03:05]} Be7 {[%clk 0:03:07]} 5. O-O {[%clk 0:03:04]} O-O
{[%clk 0:03:07]} 6. Re1 {[%clk 0:03:02]} d6 {[%clk 0:03:08]} 7. Nc3
{[%clk 0:02:56]} Na5 {[%clk 0:03:02]} 8. Bb3 {[%clk 0:02:55]} Nxb3
{[%clk 0:03:03]} 9. axb3 {[%clk 0:02:55]} Be6 {[%clk 0:03:02]} 10. d4
{[%clk 0:02:55]} exd4 {[%clk 0:02:55]} 11. Nxd4 {[%clk 0:02:56]} Bd7
{[%clk 0:02:49]} 12. Bf4 {[%clk 0:02:44]} Re8 {[%clk 0:02:44]} 13. Qd2
{[%clk 0:02:42]} h6 {[%clk 0:02:22]} 14. Rad1 {[%clk 0:02:41]} Bf8
{[%clk 0:02:16]} 15. e5 {[%clk 0:02:38]} dxe5 {[%clk 0:02:13]} 16. Bxe5
{[%clk 0:02:39]} Bc5 {[%clk 0:01:57]} 17. h3 {[%clk 0:02:09]} Bb6
{[%clk 0:01:52]} 18. Nf3 {[%clk 0:01:57]} a5 {[%clk 0:01:38]} 19. Bxf6
{[%clk 0:01:50]} Qxf6 {[%clk 0:01:36]} 20. Qxd7 {[%clk 0:01:47]} Rad8
{[%clk 0:01:34]} 21. Rxe8+ {[%clk 0:01:47]} Rxe8 {[%clk 0:01:32]} 22. Qxe8+
{[%clk 0:01:47]} Kh7 {[%clk 0:01:33]} 23. Qe4+ {[%clk 0:01:45]} g6
{[%clk 0:01:26]} 24. Nd5 {[%clk 0:01:45]} Qxb2 {[%clk 0:01:16]} 25. Nxb6
{[%clk 0:01:45]} cxb6 {[%clk 0:01:17]} 26. Qe5 {[%clk 0:01:33]} Qxc2
{[%clk 0:01:08]} 27. Rd8 {[%clk 0:01:33]} Qc1+ {[%clk 0:01:01]} 28. Kh2 1-0

[Event "d12b"]
[Site "?"]
[Date "2020.08.30"]
[Round "3.5"]
[White "Palejko, Gabriela"]
[Black "Gaszka, Zuzanna"]
[Result "1-0"]
[BlackElo "1158"]
[WhiteElo "1196"]
[LiveChessVersion "1.4.8"]

1. e4 e5 2. Nf3 Nc6 3. Nc3 Nf6 4. d4 Bb4 5. Nxe5 Nxe5 6. dxe5 Nxe4 7. Qg4 Nxc3 8.
Qxb4 Nd5 9. Qg4 g6 10. Bc4 Nb6 11. Bg5 d5 12. Bb5+ c6 13. Qf4 Qd7 14. Qf6 Rg8 15.
Bd3 Nc4 16. Bxc4 dxc4 17. Rd1 Qc7 18. Rd8+ 1-0

[Event "d12b"]
[Site "?"]
[Date "2020.08.30"]
[Round "3.6"]
[White "Sprzeczka, Emilia"]
[Black "Moczala, Maja"]
[Result "1/2-1/2"]
[BlackElo "1137"]
[WhiteElo "1177"]
[LiveChessVersion "1.4.8"]

1. e4 {[%clk 0:03:02]} c5 {[%clk 0:03:03]} 2. Nf3 {[%clk 0:03:02]} a6
{[%clk 0:03:04]} 3. d4 {[%clk 0:03:02]} cxd4 {[%clk 0:03:05]} 4. Nxd4
{[%clk 0:03:03]} Nf6 {[%clk 0:03:06]} 5. Nc3 {[%clk 0:03:03]} e5 {[%clk 0:03:06]}
6. Nf3 {[%clk 0:03:01]} Bb4 {[%clk 0:03:05]} 7. Bd3 {[%clk 0:03:01]} d5
{[%clk 0:02:46]} 8. exd5 {[%clk 0:02:57]} Bxc3+ {[%clk 0:02:36]} 9. bxc3
{[%clk 0:02:56]} e4 {[%clk 0:02:15]} 10. Qe2 {[%clk 0:02:51]} Qe7
{[%clk 0:02:11]} 11. d6 {[%clk 0:02:43]} Qxd6 {[%clk 0:02:02]} 12. Bxe4
{[%clk 0:02:41]} Nxe4 {[%clk 0:01:59]} 13. Qxe4+ {[%clk 0:02:40]} Qe6
{[%clk 0:01:58]} 14. Qxe6+ {[%clk 0:02:36]} Bxe6 {[%clk 0:01:58]} 15. Ba3
{[%clk 0:02:31]} Nc6 {[%clk 0:01:53]} 16. O-O {[%clk 0:02:26]} f6
{[%clk 0:01:42]} 17. Rfe1 {[%clk 0:02:21]} Kf7 {[%clk 0:01:41]} 18. Rad1
{[%clk 0:02:13]} Rad8 {[%clk 0:01:28]} 19. Nd4 {[%clk 0:01:58]} Nxd4
{[%clk 0:01:11]} 20. cxd4 {[%clk 0:01:58]} Rd7 {[%clk 0:01:03]} 21. c3
{[%clk 0:01:25]} Bxa2 {[%clk 0:00:50]} 22. Re2 {[%clk 0:01:18]} Bc4
{[%clk 0:00:46]} 23. Re3 {[%clk 0:01:05]} Re8 {[%clk 0:00:37]} 24. Rde1
{[%clk 0:00:51]} Rxe3 {[%clk 0:00:32]} 25. fxe3 {[%clk 0:00:49]} Rd5
{[%clk 0:00:25]} 26. e4 {[%clk 0:00:40]} Ra5 {[%clk 0:00:24]} 27. Bb4
{[%clk 0:00:30]} Ra2 {[%clk 0:00:24]} 28. d5 {[%clk 0:00:30]} a5 {[%clk 0:00:16]}
29. Bc5 {[%clk 0:00:26]} a4 {[%clk 0:00:15]} 30. Rb1 {[%clk 0:00:22]} b5
{[%clk 0:00:15]} 31. Bb4 {[%clk 0:00:19]} a3 {[%clk 0:00:12]} 32. d6
{[%clk 0:00:19]} Ke8 {[%clk 0:00:08]} 33. Re1 {[%clk 0:00:14]} Kd7
{[%clk 0:00:08]} 34. e5 {[%clk 0:00:12]} f5 {[%clk 0:00:07]} 35. Rc1
{[%clk 0:00:07]} Rb2 {[%clk 0:00:08]} 36. Bxa3 {[%clk 0:00:07]} Rb3
{[%clk 0:00:09]} 37. Bb4 {[%clk 0:00:08]} Rb2 {[%clk 0:00:09]} 38. h3
{[%clk 0:00:08]} Bd5 {[%clk 0:00:08]} 39. Kf1 {[%clk 0:00:07]} Bxg2+
{[%clk 0:00:09]} 40. Ke1 {[%clk 0:00:08]} Bd5 {[%clk 0:00:09]} 41. Rd1
{[%clk 0:00:07]} Be6 {[%clk 0:00:11]} 42. Rd2 {[%clk 0:00:05]} Rxd2
{[%clk 0:00:11]} 43. Kxd2 {[%clk 0:00:06]} g5 {[%clk 0:00:11]} 44. Ke3
{[%clk 0:00:07]} Bc4 {[%clk 0:00:12]} 45. Kf3 {[%clk 0:00:07]} h5
{[%clk 0:00:13]} 46. Kg3 {[%clk 0:00:08]} g4 {[%clk 0:00:12]} 47. hxg4
{[%clk 0:00:08]} fxg4 {[%clk 0:00:10]} 48. Kh4 {[%clk 0:00:09]} Bf7
{[%clk 0:00:10]} 49. Bc5 {[%clk 0:00:09]} Ke6 {[%clk 0:00:09]} 50. Bd4
{[%clk 0:00:09]} Kd7 {[%clk 0:00:10]} 51. Kg3 {[%clk 0:00:08]} Bg6
{[%clk 0:00:11]} 52. Kf4 {[%clk 0:00:08]} Ke6 {[%clk 0:00:12]} 53. Kg5
{[%clk 0:00:08]} Bf7 {[%clk 0:00:13]} 54. Kf4 {[%clk 0:00:05]} Bg6
{[%clk 0:00:13]} 55. Kg5 {[%clk 0:00:04]} 1/2-1/2

[Event "d12b"]
[Site "?"]
[Date "2020.08.30"]
[Round "3.7"]
[White "Kulczycka, Zofia"]
[Black "Zielinska, Aleksandra"]
[Result "1-0"]
[BlackElo "1215"]
[WhiteElo "1116"]
[LiveChessVersion "1.4.8"]

1. e4 {[%clk 0:03:03]} c5 {[%clk 0:03:03]} 2. d4 {[%clk 0:03:04]} cxd4
{[%clk 0:03:04]} 3. c3 {[%clk 0:03:05]} d3 {[%clk 0:03:05]} 4. c4
{[%clk 0:03:06]} d6 {[%clk 0:02:57]} 5. Bxd3 {[%clk 0:03:06]} Nf6
{[%clk 0:02:58]} 6. Nc3 {[%clk 0:03:06]} Nc6 {[%clk 0:02:57]} 7. Nf3
{[%clk 0:03:06]} g6 {[%clk 0:02:58]} 8. Be3 {[%clk 0:03:01]} Bg7 {[%clk 0:02:58]}
9. O-O {[%clk 0:03:00]} O-O {[%clk 0:02:58]} 10. Qd2 {[%clk 0:02:52]} a6
{[%clk 0:02:46]} 11. Na4 {[%clk 0:02:38]} Nd7 {[%clk 0:02:30]} 12. Rac1
{[%clk 0:02:24]} Rb8 {[%clk 0:02:18]} 13. Nc3 {[%clk 0:02:21]} Nc5
{[%clk 0:02:15]} 14. Be2 {[%clk 0:01:57]} Re8 {[%clk 0:01:46]} 15. Nd5
{[%clk 0:01:53]} Nxe4 {[%clk 0:01:39]} 16. Qc2 {[%clk 0:01:48]} Nc5
{[%clk 0:01:31]} 17. a3 {[%clk 0:01:47]} e6 {[%clk 0:01:19]} 18. Nc3
{[%clk 0:01:46]} d5 {[%clk 0:00:52]} 19. Bxc5 {[%clk 0:01:45]} d4
{[%clk 0:00:44]} 20. Na4 {[%clk 0:01:42]} b5 {[%clk 0:00:39]} 21. Nb6
{[%clk 0:01:38]} Rxb6 {[%clk 0:00:32]} 22. Bxb6 {[%clk 0:01:39]} Qxb6
{[%clk 0:00:33]} 23. c5 {[%clk 0:01:37]} Ne7 {[%clk 0:00:27]} 24. cxb6
{[%clk 0:01:36]} Bb7 25. Qc7 {[%clk 0:01:34]} Ba8 {[%clk 0:00:16]} 26. b7
{[%clk 0:01:34]} Bxb7 {[%clk 0:00:16]} 27. Qxb7 {[%clk 0:01:35]} 1-0

[Event "d12b"]
[Site "?"]
[Date "2020.08.30"]
[Round "4.1"]
[White "Wojs, Alicja"]
[Black "Szczotka, Klara"]
[Result "0-1"]
[BlackElo "1654"]
[WhiteElo "1285"]
[LiveChessVersion "1.4.8"]

1. e4 {[%clk 0:03:03]} c5 {[%clk 0:03:04]} 2. Nf3 {[%clk 0:03:04]} e6 3. c3
{[%clk 0:03:04]} Nf6 {[%clk 0:03:06]} 4. Bd3 {[%clk 0:03:06]} Be7
{[%clk 0:03:03]} 5. Bc2 {[%clk 0:03:07]} d5 {[%clk 0:03:04]} 6. e5
{[%clk 0:03:08]} Nfd7 {[%clk 0:03:05]} 7. d4 {[%clk 0:03:09]} cxd4
{[%clk 0:03:06]} 8. cxd4 {[%clk 0:03:10]} Nc6 {[%clk 0:03:07]} 9. O-O
{[%clk 0:03:09]} O-O 10. Qd3 {[%clk 0:03:06]} g6 {[%clk 0:03:05]} 11. a3
{[%clk 0:03:06]} Re8 {[%clk 0:03:01]} 12. Be3 {[%clk 0:03:03]} Bf8
{[%clk 0:02:59]} 13. Nc3 {[%clk 0:02:59]} a6 {[%clk 0:02:59]} 14. Rac1
{[%clk 0:02:59]} Bg7 {[%clk 0:03:00]} 15. Qd2 {[%clk 0:02:52]} Nb6
{[%clk 0:02:58]} 16. Bd3 {[%clk 0:02:51]} Na5 {[%clk 0:02:56]} 17. Qe2
{[%clk 0:02:34]} Nac4 {[%clk 0:02:56]} 18. Bxc4 {[%clk 0:02:33]} Nxc4
{[%clk 0:02:56]} 19. Na4 {[%clk 0:02:30]} Bd7 {[%clk 0:02:46]} 20. Nc5
{[%clk 0:02:31]} Bc6 {[%clk 0:02:48]} 21. Qc2 {[%clk 0:02:24]} Qb6
{[%clk 0:02:43]} 22. Rb1 {[%clk 0:02:19]} Rac8 {[%clk 0:02:38]} 23. Nd2
{[%clk 0:02:20]} Nxe3 {[%clk 0:02:32]} 24. fxe3 {[%clk 0:02:19]} Bb5
{[%clk 0:02:33]} 25. Rf2 {[%clk 0:02:14]} Qd8 {[%clk 0:02:34]} 26. Qd1
{[%clk 0:02:14]} b6 {[%clk 0:02:33]} 27. Ncb3 {[%clk 0:02:12]} Qg5
{[%clk 0:02:30]} 28. Qf3 {[%clk 0:02:11]} Rf8 {[%clk 0:02:28]} 29. Rc1
{[%clk 0:02:10]} Rxc1+ {[%clk 0:02:29]} 30. Nxc1 {[%clk 0:02:12]} Bh6
{[%clk 0:02:27]} 31. Nf1 {[%clk 0:01:50]} Bxf1 {[%clk 0:02:27]} 32. Kxf1
{[%clk 0:01:49]} Qxe3 {[%clk 0:02:28]} 33. Qxe3 {[%clk 0:01:47]} Bxe3
{[%clk 0:02:29]} 34. Rc2 {[%clk 0:01:48]} Bxd4 {[%clk 0:02:30]} 35. Nd3
{[%clk 0:01:47]} Rb8 {[%clk 0:02:26]} 36. b4 {[%clk 0:01:42]} Kg7
{[%clk 0:02:19]} 37. Ke2 {[%clk 0:01:38]} Rb7 {[%clk 0:02:11]} 38. Kf3
{[%clk 0:01:36]} f6 {[%clk 0:02:10]} 39. exf6+ {[%clk 0:01:36]} Kxf6
{[%clk 0:02:11]} 40. Nf4 {[%clk 0:01:34]} Be5 {[%clk 0:02:10]} 41. Nd3
{[%clk 0:01:31]} Rc7 {[%clk 0:02:04]} 42. Rxc7 {[%clk 0:01:16]} Bxc7
{[%clk 0:02:05]} 43. h3 {[%clk 0:01:17]} e5 {[%clk 0:02:05]} 44. Ke3
{[%clk 0:01:16]} Ke6 {[%clk 0:02:03]} 45. Nf2 {[%clk 0:01:07]} h5
{[%clk 0:01:58]} 46. Nd1 {[%clk 0:01:06]} Kf5 {[%clk 0:01:59]} 47. Kf3
{[%clk 0:01:05]} e4+ {[%clk 0:01:59]} 48. Ke3 {[%clk 0:01:06]} Be5
{[%clk 0:02:00]} 49. Nf2 {[%clk 0:01:04]} d4+ {[%clk 0:02:01]} 50. Ke2
{[%clk 0:01:05]} Bg3 {[%clk 0:01:59]} 51. Nd1 {[%clk 0:01:05]} Kf4
{[%clk 0:01:57]} 52. Nb2 {[%clk 0:01:04]} b5 {[%clk 0:01:52]} 53. Kd2
{[%clk 0:01:02]} Bf2 {[%clk 0:01:50]} 54. Ke2 {[%clk 0:01:03]} Be3
{[%clk 0:01:49]} 55. Nd1 {[%clk 0:00:59]} Bc1 {[%clk 0:01:49]} 56. Nf2
{[%clk 0:00:53]} Bxa3 {[%clk 0:01:49]} 57. Kd1 {[%clk 0:00:54]} Bxb4
{[%clk 0:01:50]} 58. Kc2 {[%clk 0:00:55]} d3+ {[%clk 0:01:50]} 59. Kd1
{[%clk 0:00:57]} Ke3 {[%clk 0:01:50]} 60. Nh1 {[%clk 0:00:53]} Bd6
{[%clk 0:01:49]} 61. Ke1 {[%clk 0:00:53]} d2+ {[%clk 0:01:49]} 62. Kd1
{[%clk 0:00:54]} a5 {[%clk 0:01:49]} 63. g4 {[%clk 0:00:52]} hxg4
{[%clk 0:01:50]} 64. hxg4 {[%clk 0:00:53]} a4 {[%clk 0:01:49]} 65. g5
{[%clk 0:00:53]} a3 {[%clk 0:01:49]} 66. Ng3 {[%clk 0:00:54]} Bxg3
{[%clk 0:01:50]} 67. Kc2 {[%clk 0:00:55]} Ke2 {[%clk 0:01:51]} 68. Kc3
{[%clk 0:00:56]} d1=Q 69. Kb4 Qd6+ {[%clk 0:01:44]} 70. Kxb5 {[%clk 0:00:56]}
Qd5+ {[%clk 0:01:42]} 71. Kb4 {[%clk 0:00:57]} a2 {[%clk 0:01:40]} 72. Kc3
{[%clk 0:00:58]} Qd3+ {[%clk 0:01:40]} 73. Kb4 {[%clk 0:00:59]} Be1+
{[%clk 0:01:31]} 74. Kc5 {[%clk 0:00:59]} Qc3+ {[%clk 0:01:32]} 75. Kd5
{[%clk 0:00:59]} Ke3 {[%clk 0:01:27]} 76. Kd6 {[%clk 0:00:59]} Kf4
{[%clk 0:01:27]} 77. Kd5 {[%clk 0:01:00]} Qe5+ {[%clk 0:01:28]} 78. Kc6
{[%clk 0:01:01]} Kf5 {[%clk 0:01:28]} 79. Kd7 {[%clk 0:01:02]} Qe6+
{[%clk 0:01:29]} 80. Kc7 {[%clk 0:01:03]} Ke5 {[%clk 0:01:29]} 81. Kb7
{[%clk 0:01:04]} Kd5 {[%clk 0:01:30]} 82. Kc7 {[%clk 0:01:05]} Qd6+
{[%clk 0:01:31]} 83. Kb7 {[%clk 0:01:06]} Qc6+ {[%clk 0:01:31]} 84. Kb8
{[%clk 0:01:07]} Qd7 {[%clk 0:01:32]} 85. Ka8 Kc6 86. Kb8 Qb7# 0-1

[Event "d12b"]
[Site "?"]
[Date "2020.08.30"]
[Round "4.2"]
[White "Natoli, Alessia"]
[Black "Ziobrowska, Maja"]
[Result "1-0"]
[BlackElo "1266"]
[WhiteElo "1302"]
[LiveChessVersion "1.4.8"]

1. e4 {[%clk 0:03:03]} e5 {[%clk 0:03:03]} 2. Nf3 {[%clk 0:03:03]} Nc6
{[%clk 0:03:04]} 3. Bb5 {[%clk 0:03:04]} Nge7 {[%clk 0:03:04]} 4. O-O
{[%clk 0:03:03]} g6 {[%clk 0:03:05]} 5. c3 {[%clk 0:02:58]} Bg7 {[%clk 0:03:06]}
6. d4 {[%clk 0:02:57]} exd4 {[%clk 0:03:01]} 7. cxd4 {[%clk 0:02:58]} d5
{[%clk 0:03:00]} 8. exd5 {[%clk 0:02:49]} Nxd5 {[%clk 0:03:01]} 9. Bxc6+
{[%clk 0:02:49]} bxc6 {[%clk 0:03:01]} 10. Nc3 {[%clk 0:02:49]} O-O
{[%clk 0:03:01]} 11. Qb3 {[%clk 0:02:39]} Be6 {[%clk 0:02:54]} 12. Qd1
{[%clk 0:02:35]} Bg4 {[%clk 0:02:52]} 13. h3 {[%clk 0:02:36]} Be6
{[%clk 0:02:48]} 14. a3 {[%clk 0:02:36]} Qd7 {[%clk 0:02:49]} 15. Qc2
{[%clk 0:02:31]} Rad8 {[%clk 0:02:41]} 16. Be3 {[%clk 0:02:31]} Bf5
{[%clk 0:02:36]} 17. Qe2 {[%clk 0:02:09]} Rfe8 {[%clk 0:02:36]} 18. Rfd1
{[%clk 0:01:59]} Bh6 {[%clk 0:01:59]} 19. Ne5 {[%clk 0:01:42]} Rxe5
{[%clk 0:01:24]} 20. dxe5 {[%clk 0:01:40]} Bxe3 {[%clk 0:01:13]} 21. fxe3
{[%clk 0:01:40]} Qe7 {[%clk 0:01:02]} 22. e4 {[%clk 0:01:34]} Nxc3
{[%clk 0:00:56]} 23. Rxd8+ {[%clk 0:01:28]} Qxd8 {[%clk 0:00:55]} 24. bxc3
{[%clk 0:01:29]} Be6 {[%clk 0:00:53]} 25. Rd1 {[%clk 0:01:29]} Qe7
{[%clk 0:00:54]} 26. Qe3 {[%clk 0:01:28]} Qxa3 {[%clk 0:00:50]} 27. Qh6
{[%clk 0:01:21]} Qf8 {[%clk 0:00:51]} 28. Qxf8+ {[%clk 0:01:19]} Kxf8
{[%clk 0:00:52]} 29. Ra1 {[%clk 0:01:19]} Ke7 {[%clk 0:00:47]} 30. Rxa7
{[%clk 0:01:20]} Kd7 {[%clk 0:00:48]} 31. Kf2 {[%clk 0:01:20]} Bc4
{[%clk 0:00:43]} 32. g3 {[%clk 0:01:19]} Bb5 {[%clk 0:00:37]} 33. Ke3
{[%clk 0:01:20]} h5 {[%clk 0:00:31]} 34. h4 {[%clk 0:01:20]} c5 {[%clk 0:00:23]}
35. Kf4 {[%clk 0:01:15]} Bd3 {[%clk 0:00:20]} 36. Ra8 {[%clk 0:01:08]} c4
{[%clk 0:00:16]} 37. Ra5 {[%clk 0:01:03]} Ke6 {[%clk 0:00:15]} 38. Rc5
{[%clk 0:01:00]} Kd7 {[%clk 0:00:14]} 39. Kg5 {[%clk 0:00:55]} Bxe4
{[%clk 0:00:10]} 40. Kf6 {[%clk 0:00:56]} Bd3 {[%clk 0:00:05]} 41. Kxf7
{[%clk 0:00:55]} Bf5 {[%clk 0:00:05]} 42. Kf6 {[%clk 0:00:54]} c6
{[%clk 0:00:06]} 43. Rxc4 {[%clk 0:00:53]} Bd3 {[%clk 0:00:06]} 44. Rd4+
{[%clk 0:00:54]} Kc7 {[%clk 0:00:06]} 45. Rxd3 {[%clk 0:00:55]} c5
{[%clk 0:00:07]} 46. e6 {[%clk 0:00:55]} Kc6 {[%clk 0:00:08]} 47. e7
{[%clk 0:00:56]} c4 {[%clk 0:00:09]} 48. Rd4 {[%clk 0:00:56]} Kc7
{[%clk 0:00:10]} 49. e8=Q {[%clk 0:00:55]} g5 {[%clk 0:00:11]} 50. Qe6
{[%clk 0:00:54]} g4 {[%clk 0:00:11]} 51. Rd7+ {[%clk 0:00:55]} Kb8
{[%clk 0:00:10]} 52. Qe8# 1-0

[Event "d12b"]
[Site "?"]
[Date "2020.08.30"]
[Round "4.3"]
[White "Sprzeczka, Emilia"]
[Black "Palejko, Gabriela"]
[Result "1-0"]
[BlackElo "1196"]
[WhiteElo "1177"]
[LiveChessVersion "1.4.8"]

1. e4 {[%clk 0:03:03]} e5 {[%clk 0:03:04]} 2. Nf3 {[%clk 0:03:04]} Nc6
{[%clk 0:03:05]} 3. d4 {[%clk 0:03:05]} exd4 {[%clk 0:03:06]} 4. Nxd4
{[%clk 0:03:05]} Nf6 {[%clk 0:03:07]} 5. Nc3 {[%clk 0:03:06]} Bb4
{[%clk 0:03:08]} 6. Nxc6 {[%clk 0:03:07]} bxc6 {[%clk 0:03:10]} 7. Bd3
{[%clk 0:03:07]} d5 {[%clk 0:03:11]} 8. exd5 {[%clk 0:03:09]} cxd5
{[%clk 0:03:12]} 9. O-O {[%clk 0:03:09]} O-O {[%clk 0:03:12]} 10. Bg5
{[%clk 0:03:08]} Be7 {[%clk 0:03:11]} 11. Bxf6 {[%clk 0:03:07]} Bxf6
{[%clk 0:03:12]} 12. Qh5 {[%clk 0:03:07]} h6 {[%clk 0:03:02]} 13. Qxd5
{[%clk 0:03:08]} Qxd5 {[%clk 0:02:55]} 14. Nxd5 {[%clk 0:03:08]} Bxb2
{[%clk 0:02:51]} 15. Rab1 {[%clk 0:03:10]} Be5 {[%clk 0:02:51]} 16. Rfe1
{[%clk 0:03:11]} Bd6 {[%clk 0:02:51]} 17. Ne7+ {[%clk 0:03:08]} Kh8
{[%clk 0:02:47]} 18. Be4 {[%clk 0:03:09]} Bb7 19. Bxb7 {[%clk 0:03:08]} Rae8
{[%clk 0:02:18]} 20. Nd5 {[%clk 0:03:05]} Kg8 {[%clk 0:02:05]} 21. Bc6
{[%clk 0:03:03]} Rb8 {[%clk 0:02:02]} 22. Rxb8 {[%clk 0:03:01]} Rxb8
{[%clk 0:02:03]} 23. Re8+ {[%clk 0:03:02]} Rxe8 {[%clk 0:02:04]} 24. Bxe8
{[%clk 0:03:02]} Kf8 {[%clk 0:02:01]} 25. Bc6 a5 {[%clk 0:02:00]} 26. h3
{[%clk 0:03:02]} f6 {[%clk 0:01:59]} 27. Kf1 {[%clk 0:03:02]} Kf7
{[%clk 0:02:00]} 28. Bd7 {[%clk 0:03:01]} c5 {[%clk 0:01:57]} 29. Ke2
{[%clk 0:02:59]} g5 {[%clk 0:01:52]} 30. Kd3 {[%clk 0:02:57]} Kg6
{[%clk 0:01:45]} 31. Nc3 {[%clk 0:02:49]} Be5 {[%clk 0:01:43]} 32. Ne4
{[%clk 0:02:48]} Bd4 {[%clk 0:01:42]} 33. c3 {[%clk 0:02:49]} Be5
{[%clk 0:01:40]} 34. Nxc5 {[%clk 0:02:49]} Bc7 {[%clk 0:01:36]} 35. a4
{[%clk 0:02:50]} Bb6 {[%clk 0:01:37]} 36. Ne4 {[%clk 0:02:47]} f5
{[%clk 0:01:36]} 37. Nd6 {[%clk 0:02:46]} Bxf2 {[%clk 0:01:29]} 38. Bxf5+
{[%clk 0:02:42]} Kf6 {[%clk 0:01:30]} 39. Ne4+ {[%clk 0:02:41]} Kxf5
{[%clk 0:01:29]} 40. Nxf2 {[%clk 0:02:41]} Ke5 {[%clk 0:01:29]} 41. Ng4+
{[%clk 0:02:42]} Kf4 {[%clk 0:01:29]} 42. Nxh6 {[%clk 0:02:42]} Kg3
{[%clk 0:01:30]} 43. Nf7 {[%clk 0:02:41]} Kxg2 {[%clk 0:01:27]} 44. Nxg5
{[%clk 0:02:42]} Kg3 {[%clk 0:01:27]} 45. c4 {[%clk 0:02:42]} Kh4
{[%clk 0:01:28]} 46. c5 {[%clk 0:02:37]} Kxg5 {[%clk 0:01:29]} 47. c6
{[%clk 0:02:37]} Kh4 {[%clk 0:01:27]} 48. c7 {[%clk 0:02:37]} Kxh3
{[%clk 0:01:27]} 49. c8=Q+ {[%clk 0:02:37]} Kg2 {[%clk 0:01:28]} 50. Qg4+
{[%clk 0:02:36]} Kf2 {[%clk 0:01:28]} 51. Qh3 {[%clk 0:02:35]} Kg1
{[%clk 0:01:29]} 52. Qf3 {[%clk 0:02:31]} Kh2 {[%clk 0:01:29]} 53. Qg4
{[%clk 0:02:32]} Kh1 {[%clk 0:01:30]} 54. Ke2 {[%clk 0:02:33]} 1-0

[Event "d12b"]
[Site "?"]
[Date "2020.08.30"]
[Round "4.4"]
[White "Moczala, Maja"]
[Black "Kulczycka, Zofia"]
[Result "0-1"]
[BlackElo "1116"]
[WhiteElo "1137"]
[LiveChessVersion "1.4.8"]

1. e4 {[%clk 0:03:03]} c5 {[%clk 0:03:03]} 2. Nc3 {[%clk 0:03:04]} Nc6
{[%clk 0:03:03]} 3. g3 {[%clk 0:03:05]} g6 {[%clk 0:03:03]} 4. Bg2
{[%clk 0:03:06]} Bg7 {[%clk 0:03:04]} 5. d3 {[%clk 0:03:06]} Nf6 {[%clk 0:03:03]}
6. Be3 {[%clk 0:03:06]} b6 {[%clk 0:03:03]} 7. h3 {[%clk 0:03:03]} Bb7
{[%clk 0:02:59]} 8. Qd2 {[%clk 0:03:04]} Rb8 {[%clk 0:02:56]} 9. Bh6
{[%clk 0:02:58]} O-O {[%clk 0:02:53]} 10. Bxg7 {[%clk 0:02:57]} Kxg7
{[%clk 0:02:54]} 11. h4 {[%clk 0:02:57]} Nd4 {[%clk 0:02:49]} 12. Nd5
{[%clk 0:02:46]} Nxd5 {[%clk 0:02:49]} 13. exd5 {[%clk 0:02:47]} e6
{[%clk 0:02:48]} 14. h5 {[%clk 0:02:31]} Rh8 {[%clk 0:02:36]} 15. c3
{[%clk 0:02:10]} Nf5 {[%clk 0:02:33]} 16. Be4 {[%clk 0:01:56]} Qe7
{[%clk 0:02:28]} 17. Bxf5 {[%clk 0:01:45]} exf5+ {[%clk 0:02:29]} 18. Ne2
{[%clk 0:01:31]} Bxd5 {[%clk 0:02:28]} 19. h6+ {[%clk 0:01:21]} Kg8
{[%clk 0:02:20]} 20. Rh2 {[%clk 0:01:10]} Bf3 {[%clk 0:02:21]} 21. c4
{[%clk 0:00:57]} Bxe2 {[%clk 0:02:20]} 22. Qxe2 {[%clk 0:00:49]} Qxe2+
{[%clk 0:02:21]} 23. Kxe2 {[%clk 0:00:50]} Re8+ {[%clk 0:02:21]} 24. Kd2
{[%clk 0:00:51]} f6 {[%clk 0:02:22]} 25. f3 {[%clk 0:00:46]} Kf7 {[%clk 0:02:22]}
26. Re2 {[%clk 0:00:43]} Rxe2+ {[%clk 0:02:22]} 27. Kxe2 {[%clk 0:00:44]} Re8+
{[%clk 0:02:23]} 28. Kd2 {[%clk 0:00:42]} g5 {[%clk 0:02:23]} 29. f4
{[%clk 0:00:39]} Kg6 {[%clk 0:02:19]} 30. Rh1 {[%clk 0:00:35]} d5
{[%clk 0:02:05]} 31. cxd5 {[%clk 0:00:27]} Rd8 {[%clk 0:02:05]} 32. fxg5
{[%clk 0:00:23]} fxg5 {[%clk 0:02:06]} 33. Re1 {[%clk 0:00:23]} Rd7
{[%clk 0:02:03]} 34. Re6+ {[%clk 0:00:23]} Kh5 {[%clk 0:02:03]} 35. d6
{[%clk 0:00:18]} Kg4 {[%clk 0:02:03]} 36. Re7 {[%clk 0:00:13]} Rxd6
{[%clk 0:02:03]} 37. Rxh7 {[%clk 0:00:14]} Re6 {[%clk 0:02:02]} 38. Rh8
{[%clk 0:00:09]} Kh5 {[%clk 0:01:59]} 39. h7 {[%clk 0:00:09]} Kh6
{[%clk 0:01:51]} 40. Kc3 {[%clk 0:00:07]} Re7 {[%clk 0:01:52]} 41. Rb8
{[%clk 0:00:07]} Kxh7 {[%clk 0:01:52]} 42. Rf8 {[%clk 0:00:08]} Kg6
{[%clk 0:01:51]} 43. Rg8+ {[%clk 0:00:09]} Kh5 {[%clk 0:01:52]} 44. Rh8+
{[%clk 0:00:09]} Kg4 {[%clk 0:01:53]} 45. Rg8 {[%clk 0:00:08]} Rd7
{[%clk 0:01:49]} 46. Kd2 {[%clk 0:00:08]} a6 {[%clk 0:01:50]} 47. Kc3
{[%clk 0:00:09]} b5 {[%clk 0:01:51]} 48. a3 {[%clk 0:00:10]} Re7 {[%clk 0:01:48]}
49. Kd2 {[%clk 0:00:10]} Rh7 {[%clk 0:01:43]} 50. Ke2 {[%clk 0:00:09]} Rh2+
{[%clk 0:01:43]} 51. Ke3 {[%clk 0:00:09]} Rxb2 {[%clk 0:01:43]} 52. Rc8
{[%clk 0:00:09]} Rb3 {[%clk 0:01:43]} 53. Rxc5 {[%clk 0:00:09]} Rxa3
{[%clk 0:01:44]} 54. Rc6 {[%clk 0:00:09]} Kxg3 {[%clk 0:01:43]} 55. Rg6
{[%clk 0:00:09]} Kg4 {[%clk 0:01:44]} 56. Rd6 {[%clk 0:00:09]} Ra4
{[%clk 0:01:43]} 57. d4 {[%clk 0:00:08]} f4+ {[%clk 0:01:43]} 58. Kf2
{[%clk 0:00:08]} Ra2+ {[%clk 0:01:44]} 59. Ke1 {[%clk 0:00:07]} f3
{[%clk 0:01:44]} 60. Rf6 {[%clk 0:00:06]} Kg3 {[%clk 0:01:44]} 61. Kd1
{[%clk 0:00:06]} f2 {[%clk 0:01:44]} 62. Rxf2 {[%clk 0:00:07]} Kxf2
{[%clk 0:01:45]} 63. d5 {[%clk 0:00:08]} Ra4 {[%clk 0:01:45]} 64. d6
{[%clk 0:00:09]} Rd4+ {[%clk 0:01:46]} 65. Kc2 {[%clk 0:00:10]} Rxd6 66. Kc3 g4
{[%clk 0:01:47]} 67. Kc2 {[%clk 0:00:13]} g3 {[%clk 0:01:48]} 68. Kc3
{[%clk 0:00:15]} g2 {[%clk 0:01:48]} 69. Kc2 {[%clk 0:00:17]} g1=Q
{[%clk 0:01:48]} 70. Kc3 {[%clk 0:00:18]} Qc1+ {[%clk 0:01:48]} 71. Kb3
{[%clk 0:00:19]} Rd3+ {[%clk 0:01:49]} 72. Kb4 {[%clk 0:00:20]} Qb2+
{[%clk 0:01:50]} 73. Ka5 {[%clk 0:00:22]} Ra3+ {[%clk 0:01:46]} 74. Kb6
{[%clk 0:00:22]} Qd4+ {[%clk 0:01:46]} 75. Kc6 {[%clk 0:00:22]} Rc3+
{[%clk 0:01:47]} 76. Kb7 {[%clk 0:00:23]} Qd7+ {[%clk 0:01:39]} 77. Kb6
{[%clk 0:00:24]} Qc6+ {[%clk 0:01:40]} 78. Ka5 {[%clk 0:00:24]} Qc7+
{[%clk 0:01:31]} 79. Kb4 {[%clk 0:00:24]} a5+ {[%clk 0:01:31]} 80. Kxb5
{[%clk 0:00:24]} Qb7+ {[%clk 0:01:32]} 81. Ka4 {[%clk 0:00:25]} Qb3+
{[%clk 0:01:33]} 82. Kxa5 {[%clk 0:00:24]} Rc5+ {[%clk 0:01:33]} 83. Ka6
{[%clk 0:00:25]} Rc1 {[%clk 0:01:32]} 84. Ka5 {[%clk 0:00:25]} Ra1# 0-1